000 00502nam a2200145 4500
999 _c511997
_d511997
008 191024b ||||| |||| 00| 0 eng d
100 _aBilicka, Katarzyna Anna
_912615
245 _aComparing UK tax returns of foreign multinationals to matched domestic firms
260 _bAmerican Economic Review
300 _a109(8), Aug, 2019: p.2921-2953.
650 _aMultinationals - United Kingdom
_912616
773 _aAmerican Economic Review
906 _aTaxation - United Kingdom
942 _2ddc
_cAR